| 000 | 00678nam a2200241Ia 4500 | ||
|---|---|---|---|
| 005 | 20260121112806.0 | ||
| 008 | 8837 260114s9999 xx 000 0 eng d | ||
| 020 | _a9789812776556 | ||
| 037 | _aEBOOK | ||
| 040 |
_aCRL _beng _cCRL |
||
| 041 |
_aeng _2eng |
||
| 084 | _qCRL | ||
| 100 |
_aBishop Nigel T Et Al _9963297 |
||
| 245 | 0 | _aGeneral Relativity and Gravitation, Proceedings of the 16Th International Conference | |
| 260 | _bWorld Scientific | ||
| 260 | _bWSPC | ||
| 260 | _c2002 | ||
| 650 |
_aPhysics _9963298 |
||
| 856 | _uhttps://www.worldscientific.com/worldscibooks/10.1142/5106#t=toc | ||
| 942 | _cEBOOK | ||
| 999 |
_c1546137 _d1546137 |
||